Normal view
MARC view
- التعليم-التربية-فلسفة
Entry Topical Term
001 - CONTROL NUMBER
- control field: 23293
003 - CONTROL NUMBER IDENTIFIER
- control field: JO-AjAnu
005 - DATE AND TIME OF LATEST TRANSACTION
- control field: 20230606074015.0
008 - FIXED-LENGTH DATA ELEMENTS
- fixed length control field: 230606|| aca||aabn | a|a d
040 ## - CATALOGING SOURCE
- Original cataloging agency: JO-AjAnu
- Transcribing agency: JO-AjAnu
150 ## - HEADING--TOPICAL TERM
- Topical term or geographic name entry element: التعليم-التربية-فلسفة
670 ## - SOURCE DATA FOUND
- Source citation: Work cat.: (JO-AjAnu)11970: . مؤلف/الهويدي،زيد مراجع /العمري،وليد مترجم،chris،kyriacou, author 23292, التعليم الفعال في المدارس بين النظرية والتطبيق= Effective Teaching in Schools